zpět

Detail výsledku týmu

Café Hostel, České Budějovice

Datum a čas kvízu

28 Celkem bodů Celkový počet nahraných bodů na tomto kvízu bez doplňovacích otázek.
5. Pořadí na kvízu Konečné umístění týmu na tomto kvízu.

Zaznamenané odpovědi

# Otázka Odpověď Body Výsledky
1. V sobotu dopoledne byla kvůli... o cukr 0
2. Evropská komise ve čtvrtek zah... Maďarsko, Polsko 1
3. Český rozhlas v minulém týdnu... Český rozhlas Pohoda 0
4. Pokud byste měli volných 12 mi... Kersko 1
5. Česká olympijská výprava přišl... Zuzana Hejnová 1
6. V našem tématu se podíváme na... A 0
7. Neutrální oslovení „to“ v posl... Demi Lovato 0
8. Samotné slovo „to“ je v českém... číslo, pád, druh 1
9. Doména .cz je určena pro počít... Tongo 0
10. Toto je americká kapela založe... Africa 0